Online
Catalog

Diálogos de la Cristiandad / (Record no. 43393)

MARC details
000 -CABECERA
campo de control de longitud fija 00450nam a2200157 a 4500
001 - NÚMERO DE CONTROL
campo de control 000043904
005 - FECHA Y HORA DE LA ÚLTIMA TRANSACCIÓN
campo de control 20201002045034.0
008 - DATOS DE LONGITUD FIJA--INFORMACIÓN GENERAL
campo de control de longitud fija 140508s1964 sp ac 000 0 spa d
040 ## - FUENTE DE LA CATALOGACIÓN
Centro catalogador/agencia de origen DO-SdBNP
Lengua de catalogación spa
Centro/agencia transcriptor BNPHU
100 1# - ENTRADA PRINCIPAL--NOMBRE DE PERSONA
Nombre de persona Romeu, Luis V.
9 (RLIN) 71799
245 10 - MENCIÓN DE TÍTULO
Título Diálogos de la Cristiandad /
Mención de responsabilidad, etc. encuesta porLuis V. Romeu.
260 ## - PUBLICACIÓN, DISTRIBUCIÓN, ETC.
Lugar de publicación, distribución, etc. Salamanca :
Nombre del editor, distribuidor, etc. Sígueme,
Fecha de publicación, distribución, etc. 1964.
300 ## - DESCRIPCIÓN FÍSICA
Extensión 401 p. :
Otras características físicas 20 cm.
490 1# - MENCIÓN DE SERIE
Mención de serie HINNENI
Designación de volumen o secuencia 33
830 #0 - PUNTO DE ACCESO ADICIONAL DE SERIE-TÍTULO UNIFORME
Título uniforme HINNENI
Designación de volumen o secuencia 33
9 (RLIN) 71800
Holdings
Estado de retiro Estado de pérdida Restricciones de uso No para préstamo Código de colección Localización permanente Ubicación/localización actual Ubicación en estantería Fecha de adquisición Número de inventario Total de préstamos Signatura topográfica completa Código de barras Fecha visto por última vez Precio válido a partir de Tipo de ítem Koha
      Excluido de préstamo Monografías: Libros y Folletos General General En catalogación 08.05.2014 LF1   43904-10 25.06.2020 25.06.2020 No se presta

Powered by Koha